000 00872nam a2200253Ia 4500
003 OSt
005 20221005104531.0
006 a|||||r|||| 00| 0
007 ta
008 221004b |||||||| |||| 00| 0 hin d
024 _a32597
037 _cTextual
040 _aCRL
_cCRL
_bhin
041 _2hin
_ahin
082 _aO152,3:gN, L3
100 _aअवस्थी, देवीशंकर
245 0 _aनयी कहानी
_b संदर्भ और प्रकृति
246 _aNayī kahānī: sandarbha aur prakṛuti
260 _aदिल्ली
_bराजकमल प्रकाशन भारत
_c1973
300 _a248पृ.
_ccm.
650 _aहिन्दी साहित्य
942 _hO152,3:gN, L3
_cTEXL
_2cc
999 _c1013009
_d1013009